Ngữ pháp tiếng Anh bằng sơ đồ tư duy = Mind map English grammar
Cung cấp toàn bộ kiến thức ngữ pháp tiếng anh căn bản đã được hệ thống dưới dạng những sơ đồ tư duy sinh động.
保存先:
| 第一著者: | |
|---|---|
| フォーマット: | 図書 |
| 言語: | Undetermined |
| 出版事項: |
Hà Nội
Hồng Đức
2018
|
| 主題: | |
| タグ: |
タグ追加
タグなし, このレコードへの初めてのタグを付けませんか!
|
| Thư viện lưu trữ: | Trung tâm Học liệu Trường Đại học Cần Thơ |
|---|
| LEADER | 00852nam a2200229Ia 4500 | ||
|---|---|---|---|
| 001 | CTU_230650 | ||
| 008 | 210402s9999 xx 000 0 und d | ||
| 020 | |c 190000 | ||
| 082 | |a 425 | ||
| 082 | |b Nh513 | ||
| 100 | |a Đỗ, Nhung | ||
| 245 | 0 | |a Ngữ pháp tiếng Anh bằng sơ đồ tư duy = | |
| 245 | 0 | |b Mind map English grammar | |
| 245 | 0 | |c Đỗ Nhung (Chủ biên), Thanh Hà | |
| 260 | |a Hà Nội | ||
| 260 | |b Hồng Đức | ||
| 260 | |c 2018 | ||
| 520 | |a Cung cấp toàn bộ kiến thức ngữ pháp tiếng anh căn bản đã được hệ thống dưới dạng những sơ đồ tư duy sinh động. | ||
| 650 | |a Tiếng Anh,English language | ||
| 650 | |x Ngữ pháp,Grammar | ||
| 910 | |b nthai | ||
| 980 | |a Trung tâm Học liệu Trường Đại học Cần Thơ | ||